000 01164cam a2200337 4500
008 090401t1996 xxu||||| |||| 00| 0 eng d
020 _a0115518274
035 _a(Sirsi) u39474
041 _aeng
050 _a333.73
100 _aTinch, Robert
245 4 _aThe valuation of environmental externalities : full report.
260 _aLondon
_bHMSO
_c1996
300 _a114p. ; 30cm.
350 _a15
520 _aProvides an introduction for the economist to the main techniques and issues in environmental valuation, summarises the current state of development in the valuation of the environmental effects of transport and provides an indication of ranges of values arising from the literature.
650 _aAIR POLLUTION
650 _aCONTINGENT VALUATION METHOD
650 _aCOSTS
650 _aENVIRONMENTAL EXTERNALITIES
650 _aENVIRONMENTAL VALUATION
650 _aGLOBAL WARMING
650 _aHEDONIC PRICING
650 _aNOISE
650 _aTRANSPORT
650 _aValuation
_96273
690 _aENVIRONMENTAL AND LAND CONSULTANCY
710 _aDepartment of Transport
_91172
942 _n0
948 _c04/03/1997
999 _c90780
_d90780